000 00613nam a2200205Ia 4500
003 GCL
008 140319s9999 xx 000 0 ara d
040 _aGCL /
_cGCL
082 0 4 _a810.9
_bش ف
100 1 _aشوقى ضيف
245 1 0 _aفى التراث والشعر واللغة /
_cشوقى ضيف
260 _a[S.N] :
_bدار المعارف ،
_c1987
300 _a275 ص
490 _aمكتبة الدراسات الادبية
_v0
650 0 4 _aالادب العربى
650 0 4 _aالتراث
650 0 4 _aالشعر
650 0 4 _aاللغة الفصحى والعامية
942 _2ddc
_cBK
999 _c53101
_d53101